000 00288nam a2200121Ia 4500
008 190216s9999||||xx |||||||||||||| ||und||
100 _aEarl S Huyser
245 0 _aMethods In Free Radical Chemistry
260 _bMarcel Dekker
_c1972
300 _a172p
650 _aChemistry
942 _cBK
999 _c2430
_d2430